Catalog

Record Details

Catalog Search



Curious George. Farm to table  Cover Image Book Book

Curious George. Farm to table / adaptation by Julie M. Fenner.

Fenner, Julie M., (author.).

Summary:

George's friend Marco wants to make his famous tortillas for his abuela's birthday, and George is happy to help! But when George knocks over the bag of masa and the grocery store is all out, George and Marco are worried the birthday surprise will be ruined. Luckily, Uncle Enrique is there to take them on a new adventure to find out where masa comes from, how it's made, and how it gets from the farm to Marco's table.

Record details

  • ISBN: 9781338145977
  • ISBN: 1338145975
  • Physical Description: 1 volume (unpaged) : color illustrations ; 21 x 21 cm.
  • Publisher: New York : Scholastic Inc., ©2016.

Content descriptions

General Note:
"Based on the TV series teleplay written by Ken Scarborough"--Title page.
"This edition is available for distribution only through the school market" -- back cover.
Subject: Curious George (Fictitious character) > Juvenile fiction.
Monkeys > Juvenile fiction.
Friendship > Juvenile fiction.
Food > Juvenile fiction.
Birthdays > Juvenile fiction.
Local foods > Fiction.
Tortillas > Fiction.

Available copies

  • 1 of 1 copy available at scottsboropl.

Holds

  • 0 current holds with 1 total copy.
Show Only Available Copies
Location Call Number / Copy Notes Barcode Shelving Location Status Due Date
scottsboropl E Rey 32269001055782 Juvenile - Easy Available -

LDR 01940nam a2200409Ii 4500
001146612
003CONS
00520180412144555.0
008161027t20162016nyua a 000 1 eng d
020 . ‡a9781338145977 ‡q(paperback)
020 . ‡a1338145975 ‡q(paperback)
035 . ‡a(CPomAG)LMN605387
05014. ‡aPZ7.1.F46 ‡bCuf 2016
08204. ‡a[E] ‡223
1001 . ‡aFenner, Julie M., ‡eauthor.
24510. ‡aCurious George. ‡pFarm to table / ‡cadaptation by Julie M. Fenner.
24630. ‡aFarm to table
264 1. ‡aNew York : ‡bScholastic Inc., ‡c©2016.
300 . ‡a1 volume (unpaged) : ‡bcolor illustrations ; ‡c21 x 21 cm.
336 . ‡atext ‡btxt ‡2rdacontent
336 . ‡astill image ‡bsti ‡2rdacontent
337 . ‡aunmediated ‡bn ‡2rdamedia
338 . ‡avolume ‡bnc ‡2rdacarrier
500 . ‡a"Based on the TV series teleplay written by Ken Scarborough"--Title page.
500 . ‡a"This edition is available for distribution only through the school market" -- back cover.
520 . ‡aGeorge's friend Marco wants to make his famous tortillas for his abuela's birthday, and George is happy to help! But when George knocks over the bag of masa and the grocery store is all out, George and Marco are worried the birthday surprise will be ruined. Luckily, Uncle Enrique is there to take them on a new adventure to find out where masa comes from, how it's made, and how it gets from the farm to Marco's table.
650 0. ‡aCurious George (Fictitious character) ‡vJuvenile fiction.
650 0. ‡aMonkeys ‡vJuvenile fiction.
650 0. ‡aFriendship ‡vJuvenile fiction.
650 0. ‡aFood ‡vJuvenile fiction.
650 0. ‡aBirthdays ‡vJuvenile fiction.
650 1. ‡aLocal foods ‡vFiction.
650 1. ‡aTortillas ‡vFiction.
7300 . ‡aCurious George (Television program)
914 . ‡aSCP_kt
959 . ‡i32269001055782 ‡lE Fen ‡aJuvenile - Easy ‡tEasy ‡g5.00
852 . ‡p32269001055782 ‡jE Fen ‡gJuvenile - Easy ‡cEasy ‡y5.00 ‡bSBPL
901 . ‡a146612 ‡bUnknown ‡c146612 ‡tbiblio

Additional Resources